Largest cities in the DRC - Statistics

General Stats
  • This quiz has been taken 154 times
  • The average score is 4 of 7
Answer Stats
City % Correct
Kinshasa
100%
Lubumbashi
83%
Mbuji-Mayi
66%
Kisangani
54%
Goma
47%
Kananga
45%
Bukavu
28%
No matching quizzes found
Score Distribution
Percent of People with Each Score
Percentile by Number Answered
Your Score History
You have not taken this quiz